000 00981nam a2200301Ia 4500
001 Z_3445
003 CHAP
008 220113s2000 xx 000 0 und d
010 _a166566
040 _cCHAP
090 _aTesis O 1491
100 _aOmaña Silvestre, Juan Carlos
_983276
245 _aComportamiento productivo de una pradera de pasto Buffel (Cenchrus ciliaris L.) sometida a tres cargas animal por ovinos /
_cpor Juan Carlos Omaña Silvestre
260 _aChapingo, Méx. :
_bEl autor,
_c2000
300 _a109 h. ; cuadros
502 _aTesis (Maestro en Ciencias Especialista en Producción Animal) -- UACH. Departamento de Zootecnia
650 _aCarga ganadera
_918949
650 _aGanado lanar
_xPastoreo
_945209
650 _aPastoreo
_985984
650 7 _aPastos forrajeros
_xRendimiento
_2
_986118
650 _aZacate buffel
_9123395
901 _aTESIS O 1491
902 _aM
910 _a2000
942 _c2
942 _c2
999 _c166566
_d166566